• AIU
  • Tony Wilmot Memorial Library

Microsoft Outlook 2000 quick reference / (Record no. 58836)

MARC details
000 -LEADER
fixed length control field 01078cam a2200301 a 4500
001 - CONTROL NUMBER
control field 202872
003 - CONTROL NUMBER IDENTIFIER
control field OSt
005 - DATE AND TIME OF LATEST TRANSACTION
control field 20140317164240.0
008 - FIXED-LENGTH DATA ELEMENTS--GENERAL INFORMATION
fixed length control field 990408s1999 inua 001 0 eng
010 ## - LIBRARY OF CONGRESS CONTROL NUMBER
LC control number 99062553
020 ## - INTERNATIONAL STANDARD BOOK NUMBER
International Standard Book Number 0789721139
040 ## - CATALOGING SOURCE
Original cataloging agency DLC
Transcribing agency DLC
Modifying agency DLC
050 00 - LIBRARY OF CONGRESS CALL NUMBER
Classification number HD69.T54
Item number K553 1999
082 00 - DEWEY DECIMAL CLASSIFICATION NUMBER
Classification number 005.369
Edition number 21
100 1# - MAIN ENTRY--PERSONAL NAME
Personal name Kinkoph, Sherry.
9 (RLIN) 26047
245 10 - TITLE STATEMENT
Title Microsoft Outlook 2000 quick reference /
Statement of responsibility, etc Sherry Kinkoph.
246 30 - VARYING FORM OF TITLE
Title proper/short title Outlook 2000 quick reference
260 ## - PUBLICATION, DISTRIBUTION, ETC. (IMPRINT)
Place of publication, distribution, etc Indianapolis, Ind. :
Name of publisher, distributor, etc Que,
Date of publication, distribution, etc c1999.
300 ## - PHYSICAL DESCRIPTION
Extent v, 169 p. :
Other physical details ill. ;
Dimensions 22 cm.
500 ## - GENERAL NOTE
General note Includes index.
630 00 - SUBJECT ADDED ENTRY--UNIFORM TITLE
Uniform title Microsoft Outlook.
9 (RLIN) 26048
650 #0 - SUBJECT ADDED ENTRY--TOPICAL TERM
Topical term or geographic name as entry element Time management
General subdivision Computer programs.
9 (RLIN) 26049
650 #0 - SUBJECT ADDED ENTRY--TOPICAL TERM
Topical term or geographic name as entry element Personal information management
General subdivision Computer programs.
9 (RLIN) 26050
650 #0 - SUBJECT ADDED ENTRY--TOPICAL TERM
Topical term or geographic name as entry element Electronic mail systems.
9 (RLIN) 26051
906 ## - LOCAL DATA ELEMENT F, LDF (RLIN)
a 7
b cbc
c orignew
d 2
e opcn
f 19
g y-gencatlg
942 ## - ADDED ENTRY ELEMENTS (KOHA)
Source of classification or shelving scheme Library of Congress Classification
Koha item type Books
Holdings
Withdrawn status Lost status Source of classification or shelving scheme Damaged status Not for loan Collection code Home library Current library Shelving location Date acquired Source of acquisition Cost, normal purchase price Total Checkouts Full call number Barcode Date last seen Copy number Price effective from Koha item type
    Library of Congress Classification     General Circulation AIU/NEGST - Tony Wilmot Memorial Library AIU/NEGST - Tony Wilmot Memorial Library General Stacks 03/17/2014 Donation - Mesfin Teshome 22.00   HD 69.T54 K553 1999 R28123P3232 09/02/2019 1 03/17/2014 Books